People Born In 1960 - Statistics

General Stats
  • This quiz has been taken 23 times
  • The average score is 3 of 10
Answer Stats
Picture Answer % Correct
Antonio Banderas
73%
Bradley Walsh
40%
Gary Lineker
40%
Mick Hucknall
33%
Tony Hadley
33%
Ayrton Senna
27%
Rafa Benitez
20%
Michael Hutchence
7%
Michael Stie
7%
Kelly Le Brock
0%
No matching quizzes found
Score Distribution
Percent of People with Each Score
Percentile by Number Answered
Your Score History
You have not taken this quiz